| 000 | 00713nam a22001937a 4500 | ||
|---|---|---|---|
| 999 |
_c169882 _d169882 |
||
| 005 | 20191216103415.0 | ||
| 010 | _aA-842578 | ||
| 020 | _c35.00 | ||
| 035 | _aA-842578 | ||
| 037 | _bBPPD/Pub. | ||
| 082 | _a615.54 | ||
| 100 | _aعلامہ ابن-ا-ابی اصیبہ | ||
| 245 |
_aعویون ال امباء فی طبقات ال اطیببا / _cعلامہ ابن-ا-ابی اصیبہ |
||
| 246 |
_aUyoon al-Amba fi Tabaqat Al-Atibba (Urdu) _bby Allama Ibn-e-Abi Usaiba |
||
| 260 |
_c1992 ء _aNew Delhi _bCentral Council For Research and Unani Medicine |
||
| 270 |
_a5, Panchsheel Shopping Center _bNew Delhi _e110017 |
||
| 300 |
_a520p. _c22cm(Hb) |
||
| 942 |
_2ddc _cUR _h615.54 _mا ب ن |
||